[Event "1700's Anonymous - no.4"]
[Site "SchemingMind.com"]
[Date "2013.10.29"]
[Round "-"]
[White "kenneth m day"]
[Black "emvarela"]
[Result "0-1"]
[WhiteCountry "USA"]
[BlackCountry "ARG"]
[WhiteElo "1764"]
[WhiteRD "48"]
[BlackElo "1720"]
[BlackRD "50"]
[GameID "340656"]

1. e4 e5 2. f4 exf4 3. Nf3 g5 4. h4 g4 5. Ne5 Be7 6. d4 Bxh4+ 7. Kd2 d6 8. Nxg4 Qg5 9. Be2 f3+ 10. Kd3 fxe2
11. Bxg5 exd1=Q+ 12. Rxd1 Bxg4
0-1

[Event "1700's Anonymous - no.4"]
[Site "SchemingMind.com"]
[Date "2013.10.29"]
[Round "-"]
[White "simpet"]
[Black "emvarela"]
[Result "1-0"]
[WhiteCountry "ENG"]
[BlackCountry "ARG"]
[WhiteElo "1641"]
[WhiteRD "54"]
[BlackElo "1683"]
[BlackRD "48"]
[GameID "340657"]

1. e4 e5 2. Nf3 Nc6 3. Bc4 Nf6 4. d3 Bc5 5. O-O d6 6. Nc3 O-O 7. Bg5 h6 8. Bh4 Be6 9. Bb3 Bxb3 10. axb3 Nb4
11. Na4 Bb6 12. Nxb6 cxb6 13. c3 Nc6 14. b4 b5 15. Qd2 Kh7 16. Ne1 Qb6 17. Bxf6 gxf6 18. Kh1 a5 19. bxa5 Rxa5 20. Nc2 Rfa8
21. b4 Rxa1 22. Nxa1 Ne7 23. f4 Ng6 24. fxe5 dxe5 25. Nc2 Ra2 26. Rf5 Qa6 27. g3 Qa4 28. Rf2 Qb3 29. Kg1 Ne7 30. Rxf6 Qb1+
31. Rf1 Qxc2 32. Qxc2 Rxc2 33. Rxf7+ Kg6 34. Rxe7 Rxc3 35. Rxe5 Rxd3 36. Rxb5 Rd4 37. Rxb7 Rxe4 38. b5 Rb4 39. b6 h5 40. Rb8 Kf7
41. Kg2 Ke7 42. Kf3 Kd7 43. Rh8 Rxb6 44. Rxh5 Ke7 45. Rf5 Rg6 46. h4 Rh6 47. Kg4 Rg6+ 48. Kf4
1-0

[Event "1700's Anonymous - no.4"]
[Site "SchemingMind.com"]
[Date "2013.10.29"]
[Round "-"]
[White "fu_manchu"]
[Black "emvarela"]
[Result "1-0"]
[WhiteCountry "CAN"]
[BlackCountry "ARG"]
[WhiteElo "1782"]
[WhiteRD "68"]
[BlackElo "1720"]
[BlackRD "50"]
[GameID "340658"]

1. e4 e5 2. Nf3 Nc6 3. Bb5 f5 4. d3 fxe4 5. dxe4 Nf6 6. O-O Bc5 7. Bxc6 dxc6 8. Qxd8+ Kxd8 9. Nxe5 Ke7 10. Bg5 Bd6
11. f4 Bc5+ 12. Kh1 Bd4 13. c3 Rg8 14. cxd4
1-0

[Event "1700's Anonymous - no.4"]
[Site "SchemingMind.com"]
[Date "2013.10.25"]
[Round "-"]
[White "Scooter"]
[Black "David Hartley"]
[Result "1-0"]
[WhiteCountry "USA"]
[BlackCountry "ENG"]
[WhiteElo "1727"]
[WhiteRD "49"]
[BlackElo "1786"]
[BlackRD "68"]
[GameID "340664"]

1. d4 d5 2. Nf3 Nf6 3. Bf4 e6 4. e3 c5 5. c3 Nc6 6. Bb5 Bd7 7. O-O Be7 8. Nbd2 O-O 9. h3 Nxd4 10. Nxd4 cxd4
11. Bxd7 Qxd7 12. cxd4 Rac8 13. Rc1 Rxc1 14. Qxc1 Rc8 15. Qb1 h6 16. Rc1 Rc6 17. a3 Qc7 18. Bxc7
1-0

[Event "1700's Anonymous - no.4"]
[Site "SchemingMind.com"]
[Date "2013.10.24"]
[Round "-"]
[White "Scooter"]
[Black "Clive Everill"]
[Result "1-0"]
[WhiteCountry "USA"]
[BlackCountry "CZE"]
[WhiteElo "1756"]
[WhiteRD "52"]
[BlackElo "1735"]
[BlackRD "53"]
[GameID "340665"]

1. d4 d5 2. Nf3 Nf6 3. Bf4 c5 4. e3 Nc6 5. c3 Qb6 6. Qb3 c4 7. Qxb6 axb6 8. Be2 Bf5 9. O-O h6 10. Nbd2 b5
11. h3 e6 12. Ne5 Bd6 13. Nxf7 Kxf7 14. Bxd6 Nd7 15. g4 Bh7 16. f4 g6 17. b4 Ra3 18. Nb1 Ra6 19. Bd1 Rha8 20. a3 Kg8
21. Bc2 Na5 22. Be5 Rf8 23. Nd2 Rfa8 24. bxa5 Rxa5 25. Bd6 R5a6 26. Bb4 Nf6 27. Ra2 Kg7 28. e4 dxe4 29. Nxe4 Nd5 30. Nd6 Ne3
31. Re1 Nxc2 32. Rxc2 g5 33. Rce2 Bg8 34. fxg5 hxg5 35. Nxb7 Rb6 36. Nc5 Re8 37. Re5 Kg6 38. Ne4 Bf7 39. Rxg5+ Kh6 40. Re5 Kg6
41. Nd6 Re7 42. Nc8
1-0

[Event "1700's Anonymous - no.4"]
[Site "SchemingMind.com"]
[Date "2013.10.29"]
[Round "-"]
[White "Scooter"]
[Black "emvarela"]
[Result "1-0"]
[WhiteCountry "USA"]
[BlackCountry "ARG"]
[WhiteElo "1705"]
[WhiteRD "45"]
[BlackElo "1683"]
[BlackRD "48"]
[GameID "340666"]

1. d4 d5 2. Nf3 Nf6 3. Bf4 c5 4. e3 Nc6 5. c3 Qb6 6. Qb3 Qxb3 7. axb3 e6 8. Bb5 Bd7 9. O-O cxd4 10. exd4 Be7
11. h3 O-O 12. Nbd2 a6 13. Bxc6 Bxc6 14. Ne5 Nd7 15. Nxc6 bxc6 16. Nf3 c5 17. dxc5 Nxc5 18. b4 Nd3 19. Bc1 Nxc1 20. Rfxc1 Bf6
21. Ra2 Rfb8 22. Rca1 Rb6 23. Nd2 Be7 24. Nb3 g6 25. Nc5 Bxc5 26. bxc5 Rc6 27. b4 Rac8 28. Rxa6 Kg7 29. Rxc6 Rxc6 30. Kf1 h5
31. Ke2 f5 32. Ke3 e5 33. Ra7+ Kf6 34. h4 f4+ 35. Kd3 Kf5 36. f3 e4+ 37. fxe4+ dxe4+ 38. Kc4 f3 39. gxf3 exf3 40. Rf7+ Kg4
41. b5 Re6 42. c6 Re8 43. c7 Kg3 44. b6 f2 45. Rxf2 Kxf2 46. b7
1-0

[Event "1700's Anonymous - no.4"]
[Site "SchemingMind.com"]
[Date "2013.10.26"]
[Round "-"]
[White "Scooter"]
[Black "kenneth m day"]
[Result "0-1"]
[WhiteCountry "USA"]
[BlackCountry "USA"]
[WhiteElo "1674"]
[WhiteRD "49"]
[BlackElo "1764"]
[BlackRD "48"]
[GameID "340667"]

1. d4 Nf6 2. Nf3 d5 3. Bf4 e6 4. e3 Bd6 5. Bxd6 Qxd6 6. c3 O-O 7. Be2 c5 8. O-O Nc6 9. Nbd2 cxd4 10. cxd4 b6
11. a3 Bb7 12. Rc1 Rac8 13. b4 Rfd8 14. Nb3 Re8 15. Bb5 Re7 16. Bxc6 Bxc6 17. Ne5 Rec7 18. Nxc6 Rxc6 19. Qe2 Ne4 20. Rxc6 Rxc6
21. Qa6 Rc7 22. Rc1 h5 23. Rxc7 Qxc7 24. Qd3 Qc4 25. Qxc4 dxc4 26. Nc1 Kf8 27. Kf1 Ke7 28. f3 Nd6 29. a4 Kd7 30. b5 Nb7
31. Ke2 Kd6 32. e4 f5 33. Na2 g6 34. Nb4 Na5 35. Nc6 Nxc6 36. bxc6 Kxc6 37. Kd2 b5 38. axb5+ Kxb5 39. Kc3 a5 40. e5 a4
41. f4 a3 42. h4 Kc6
0-1

[Event "1700's Anonymous - no.4"]
[Site "SchemingMind.com"]
[Date "2013.10.25"]
[Round "-"]
[White "Scooter"]
[Black "simpet"]
[Result "0-1"]
[WhiteCountry "USA"]
[BlackCountry "ENG"]
[WhiteElo "1756"]
[WhiteRD "52"]
[BlackElo "1710"]
[BlackRD "63"]
[GameID "340668"]

1. d4 Nf6 2. Nf3 e6 3. Bg5 Be7 4. e3 h6 5. Bxf6 Bxf6 6. Be2 Nc6 7. O-O b6 8. Nbd2 Bb7 9. a3 O-O 10. c4 Ne7
11. Rb1 Nf5 12. b4 Nh4 13. Nxh4 Bxh4 14. Bf3 Bxf3 15. Nxf3 f5 16. Nxh4 Qxh4 17. Qf3 c6 18. g3 Qh3 19. Qf4 Rac8 20. Qd6 Rf7
21. Rbc1 Rcf8 22. b5 c5 23. dxc5 bxc5 24. Qxc5 f4 25. exf4 Rf5 26. Qxa7 Rh5
0-1

[Event "1700's Anonymous - no.4"]
[Site "SchemingMind.com"]
[Date "2013.10.24"]
[Round "-"]
[White "Scooter"]
[Black "fu_manchu"]
[Result "1-0"]
[WhiteCountry "USA"]
[BlackCountry "CAN"]
[WhiteElo "1727"]
[WhiteRD "49"]
[BlackElo "1748"]
[BlackRD "70"]
[GameID "340669"]

1. d4 f5 2. Nf3 e6 3. Bg5 Nf6 4. e3 Be7 5. Be2 O-O 6. O-O c5 7. c3 Nc6 8. Nbd2 b6 9. Bb5 Bb7 10. Bxc6 Bxc6
11. Ne5 Bb7 12. Qa4 d6 13. Nc6 Bxc6 14. Qxc6 Rb8 15. Bxf6 Rxf6 16. Nf3 b5 17. dxc5 e5 18. Rad1 Rc8 19. Qxb5 Rxc5 20. Qb3+ Kh8
21. Qa3 Qc7 22. Qb3 Rf8 23. Rd5 Rxd5 24. Qxd5 Bf6 25. Rd1 Rd8 26. c4 Qb6 27. Qb5 Qxb5 28. cxb5 d5 29. Rc1 e4 30. Nd4 Bxd4
31. exd4 h6 32. Rc7 Kh7 33. a4 Ra8 34. a5 h5 35. b4 Kh6 36. h4 Kg6 37. Rc6+ Kf7 38. b6 axb6 39. Rxb6 Rc8 40. a6
1-0

[Event "1700's Anonymous - no.4"]
[Site "SchemingMind.com"]
[Date "2013.10.26"]
[Round "-"]
[White "David Hartley"]
[Black "Scooter"]
[Result "1-0"]
[WhiteCountry "ENG"]
[BlackCountry "USA"]
[WhiteElo "1807"]
[WhiteRD "67"]
[BlackElo "1674"]
[BlackRD "49"]
[GameID "340670"]

1. d4 Nf6 2. c4 e6 3. Nc3 Bb4 4. Qc2 O-O 5. e4 d5 6. e5 Ne4 7. Bd3 c5 8. cxd5 exd5 9. Ne2 cxd4 10. Nxd4 Nxc3
11. bxc3 Ba5 12. Bxh7+ Kh8 13. Bd3 Qc7 14. O-O Qxc3 15. Bb2 Qxc2 16. Bxc2 Be6 17. Nf3 Nc6 18. Bb3 Rfd8 19. Rfd1 Ne7 20. Ng5 Kg8
21. Nxe6 fxe6 22. Rd3 Rac8 23. Rad1 Nc6 24. f4 Nb4 25. Rf3 Nc6 26. f5 exf5 27. Bxd5+ Kh8 28. Rh3#
1-0

[Event "1700's Anonymous - no.4"]
[Site "SchemingMind.com"]
[Date "2013.10.24"]
[Round "-"]
[White "Clive Everill"]
[Black "Scooter"]
[Result "0-1"]
[WhiteCountry "CZE"]
[BlackCountry "USA"]
[WhiteElo "1735"]
[WhiteRD "53"]
[BlackElo "1756"]
[BlackRD "52"]
[GameID "340671"]

1. e4 c6 2. d4 d5 3. Nd2 dxe4 4. Nxe4 Bf5 5. Nc5 b6 6. Nb3 e6 7. Nf3 Nf6 8. g3 Bd6 9. Bg2 O-O 10. Qe2 Be4
11. O-O Nbd7 12. Bg5 h6 13. Bxf6 Nxf6 14. Rad1 Rc8 15. Nh4 Bxg2 16. Nxg2 Qc7 17. c4 c5 18. d5 exd5 19. cxd5 Rfe8 20. Qf3 Re5
21. Ne3 Rd8 22. Rd2 Ne4 23. Rc2 Nf6 24. Nd4 Re4 25. Nb5 Qe7 26. Rd1 a6 27. Nc3 Rd4 28. Rcd2 Rxd2 29. Rxd2 Be5 30. Ne4 Nxe4
31. Qxe4 Bf6 32. Qd3 b5 33. b3 Bd4 34. b4 Bxe3 35. fxe3 cxb4 36. e4 Qc5+ 37. Kg2 Qc4 38. Qe3 a5 39. Rf2 Re8 40. Re2 a4
41. d6 b3 42. axb3 axb3 43. e5 b4 44. Rb2 Qd5+ 45. Kh3 Rxe5 46. Qf4 Rh5+ 47. Kg4 g6 48. Qf6 Qe4+ 49. Qf4 f5#
0-1

[Event "1700's Anonymous - no.4"]
[Site "SchemingMind.com"]
[Date "2013.10.29"]
[Round "-"]
[White "emvarela"]
[Black "Scooter"]
[Result "0-1"]
[WhiteCountry "ARG"]
[BlackCountry "USA"]
[WhiteElo "1720"]
[WhiteRD "50"]
[BlackElo "1674"]
[BlackRD "49"]
[GameID "340672"]

1. e4 c6 2. d4 d5 3. Nc3 dxe4 4. Nxe4 Bf5 5. Ng3 Bg6 6. h4 h6 7. Nf3 Nd7 8. h5 Bh7 9. Bd3 Bxd3 10. Qxd3 Qc7
11. Bd2 O-O-O 12. O-O-O Ngf6 13. Ne2 e6 14. Bf4 Bd6 15. Bxd6 Qxd6 16. Ne5 Nxe5 17. dxe5 Qxd3 18. Rxd3 Rxd3 19. cxd3 Ng4 20. f4 Nf2
21. Rf1 Nxd3+ 22. Kc2 Rd8 23. a3 Nxb2
0-1

[Event "1700's Anonymous - no.4"]
[Site "SchemingMind.com"]
[Date "2013.10.24"]
[Round "-"]
[White "kenneth m day"]
[Black "Scooter"]
[Result "1-0"]
[WhiteCountry "USA"]
[BlackCountry "USA"]
[WhiteElo "1807"]
[WhiteRD "52"]
[BlackElo "1756"]
[BlackRD "52"]
[GameID "340673"]

1. e4 c6 2. c4 d5 3. cxd5 cxd5 4. exd5 Qxd5 5. d4 Nc6 6. Nf3 Bg4 7. Nc3 Qd8 8. Bf4 a6 9. d5 Bxf3 10. Qxf3 Nb4
11. Rc1 Nf6 12. Bc4 b5 13. Bb3 a5 14. Nxb5
1-0

[Event "1700's Anonymous - no.4"]
[Site "SchemingMind.com"]
[Date "2013.10.24"]
[Round "-"]
[White "fu_manchu"]
[Black "Scooter"]
[Result "0-1"]
[WhiteCountry "CAN"]
[BlackCountry "USA"]
[WhiteElo "1754"]
[WhiteRD "67"]
[BlackElo "1756"]
[BlackRD "52"]
[GameID "340675"]

1. d4 Nf6 2. c4 g6 3. Nc3 Bg7 4. e4 d6 5. Nf3 O-O 6. Be2 Bg4 7. O-O c5 8. dxc5 dxc5 9. Qb3 b6 10. h3 Bxf3
11. Bxf3 Nc6 12. Nd5 Nd4 13. Qd3 Nxf3+ 14. Qxf3 e6 15. Nxf6+ Qxf6 16. Qxf6 Bxf6 17. Re1 Rfd8 18. e5 Bg7 19. Bg5 Rd4 20. b3 h6
21. Bh4= Rxh4 22. Rad1 Rd4 23. Rxd4 cxd4 24. f4 Bf8 25. Rd1 Bc5 26. Kh1 Rd8 27. g4 d3 28. Kg2 d2 29. Kf1 Be3 30. f5 exf5
31. gxf5 gxf5 32. Ke2 Bf4 33. Rf1 Bxe5 34. Rd1 Bf4
0-1